| 000 | 00869cam a22002653a 4500 | ||
|---|---|---|---|
| 001 | 19468 | ||
| 003 | PGUSA | ||
| 005 | 20140828083419.0 | ||
| 008 | 061004s2006||||xxu|||||s|||||000 | eng d | ||
| 040 |
_aPGUSA _beng |
||
| 042 | _adc | ||
| 050 | 4 | _aHX | |
| 100 | 1 |
_aJarrett, Bede, _d1881-1934 |
|
| 245 | 1 | 0 |
_aMediaeval Socialism _h[electronic resource] / _cBede Jarrett |
| 260 |
_bProject Gutenberg, _c2006 |
||
| 505 | 0 | _aIntroduction -- Social conditions -- The communists -- The schoolmen -- The lawyers -- The social reformers -- The theory of alms-giving -- Bibliography -- Index. | |
| 506 | _aPublic domain in the USA. | ||
| 516 | _aElectronic text | ||
| 653 | _aSocialism -- History | ||
| 653 | _aMiddle Ages | ||
| 653 | _aCivilization, Medieval | ||
| 830 | 0 |
_aProject Gutenberg _v19468 |
|
| 856 | 4 | 0 | _uhttp://www.gutenberg.org/ebooks/19468 |
| 942 | _cEB | ||
| 999 |
_c248723 _d248723 |
||